| 000 | 01301 a2200349 4500 | ||
|---|---|---|---|
| 003 | CO-BoRNBP | ||
| 005 | 20241018102503.0 | ||
| 007 | ta | ||
| 008 | 130821s2010 ck gr spa | ||
| 020 | _a9789587530070 | ||
| 040 |
_cJose A. Gerena (modificó) _d[Nuevo] _aCO-BoUCM _bspa _erda |
||
| 041 | 0 | 0 | _aspa |
| 082 | 0 | 4 |
_220 _a861.44 |
| 245 | 0 | 0 |
_aAntología de mujeres poetas afrocolombianas _ccompilación y prólogo de Alfredo Ocampo Zamorano y Giomar Cuesta Escobar |
| 250 | _aPrimera edición | ||
| 300 | _a590 páginas | ||
| 336 |
_2rdacontenido _atexto _btxt |
||
| 337 |
_2rdamedio _asin mediación _bn |
||
| 338 |
_2rdasoporte _avolumen _bnc |
||
| 490 | 0 | _aBiblioteca de literatura afrocolombiana | |
| 500 | _aIncluye índice | ||
| 650 | 7 |
_aLiteratura colombiana _2ARMARC _91068 |
|
| 650 | 7 |
_aMujeres en la literatura _2ARMARC _91058 |
|
| 650 | 7 |
_aMujeres en la poesía _2ARMARC _943300 |
|
| 650 | 7 |
_aAfrocolombianos _vPoesías _2ARMARC _943301 |
|
| 650 | 7 |
_aAfrocolombianos _xMúsica _2ARMARC _943302 |
|
| 650 | 7 |
_aLiteratura colombiana _2ARMARC _91068 |
|
| 700 | 1 |
_aCuesta Escobar, Giomar _ecompilador _943303 |
|
| 700 | 1 |
_aOcampo Zamorano, Alfredo _ecompilador _943304 |
|
| 710 | 1 |
_aColombia _bMinisterio de Cultura _91875 |
|
| 942 |
_cLIBRO _a18 _2DEWEY _h861.44 |
||
| 999 |
_c38490 _d38490 |
||